01326cam a22003374i 4500003000900000005001700009008004100026020001500067020001800082035002000100082001600120100002900136245013600165264004800301300003800349504004000387505040500427526001000832526001000842526001000852526001000862526000800872526000800880526000800888526000800896526000800904526000800912526000800920650002900928700003100957PE-LiUPU20250731172855.0160822s2002 r 000 0 spa d a0764225243 a9780764225246 a(Sirsi) a16308204a241.66bW621 aWhite, James R.,eautor.14aThe same sex controversy :bdefending and clarifying the Bible's message about homosexuality /c James R. White & Jeffrey D. Niell. aMinneapolis, Minn. :bBethany House,c2002. a254 páginas ;c22 centímetros aBibliografía : páginas 249-252.0 aRevisiting Sodom: the lesso of Sodom and Gomorrah -- Recycling the older testament : introducing the Leviticus passages -- Recycling the older testament : Leviticus. Part one -- Recycling the older testament : Leviticus. Part two --Unnatural affections, unnatural interpretation: Romans 1 -- Desperately defining terms --All you need is love and other justifications -- Conclusion: A pastoral appeal. aSEG42 aSEG41 aSEG40 aSEG39 aP94 aP87 aP86 aP85 aP77 aP76 aP3514aBiblia y homosexualidad.1 aNiell, Jeffrey D.,eautor.